<?xml version="1.0" encoding="UTF-8"?>
<record
    xmlns:xsi="http://www.w3.org/2001/XMLSchema-instance"
    xsi:schemaLocation="http://www.loc.gov/MARC21/slim http://www.loc.gov/standards/marcxml/schema/MARC21slim.xsd"
    xmlns="http://www.loc.gov/MARC21/slim">

  <leader>00367    a2200121   4500</leader>
  <controlfield tag="001">ART_15820</controlfield>
  <controlfield tag="005">20260410161736.0</controlfield>
  <controlfield tag="008">260409a                                 </controlfield>
  <datafield tag="245" ind1="1" ind2="0">
    <subfield code="a">Las nuevas herramientas, los viejos problemas</subfield>
  </datafield>
  <datafield tag="100" ind1="1" ind2=" ">
    <subfield code="a">Cravino, Daniel</subfield>
  </datafield>
  <datafield tag="700" ind1="1" ind2=" ">
    <subfield code="a">D&#xB4;Onofrio, Rodolfo</subfield>
  </datafield>
  <datafield tag="773" ind1="0" ind2=" ">
    <subfield code="t">Ejecutivos de finanzas</subfield>
    <subfield code="g">- A&#xF1;o 7, N&#xBA; 62 (dic. 1989)</subfield>
    <subfield code="w">REV2863</subfield>
  </datafield>
  <datafield tag="999" ind1=" " ind2=" ">
    <subfield code="c">18280</subfield>
    <subfield code="d">18280</subfield>
  </datafield>
</record>
